MARC

LEADER 00000nam0a2200000 4500
001 272761
005 20251210144333.0
035 |a (RuTPU)RU\TPU\book\295970 
090 |a 272761 
100 |a 20141021d1987 k y0rusy50 ca 
101 0 |a rus 
102 |a RU 
105 |a a z 001zy 
200 1 |a Землетрясения Шпицбергена  |f Г. Д. Панасенко, Е. О. Кременецкая, З. и. Аранович  |g Междуведомственный геофизический комитет при Президиуме Академии наук СССР 
210 |a Москва  |c Изд-во Междуведомственного геофизического комитета  |d 1987 
215 |a 83 с.  |c ил. 
225 1 |a Результаты исследований по международным геофизическим проектам 
320 |a Библиогр.: с. 56-59 
606 1 |a Землетрясения  |2 stltpush  |3 (RuTPU)RU\TPU\subj\11717  |9 38626 
610 1 |a Арктика 
610 1 |a архипелаги 
610 1 |a сейсмичность 
610 1 |a районирование 
610 1 |a геологическое строение 
610 1 |a неотектоника 
610 1 |a сейсмические волны 
675 |a 550.348.436  |v 3 
700 1 |a Панасенко  |b Г. Д. 
701 1 |a Кременецкая  |b Е. О. 
701 1 |a Аранович  |b З. и. 
712 0 2 |a Академия наук СССР  |b Междуведомственный геофизический комитет  |c Москва  |c 1961-1992  |9 88871 
801 1 |a RU  |b 63413507  |c 20141021 
801 2 |a RU  |b 63413507  |c 20170317  |g RCR 
942 |c BK